000
00275nam a2200121Ia 4500
008
190216s9999||||xx |||||||||||||| ||und||
100
_a
Subhash Mehta
245
0
_a
Easy Computers
260
_b
S Chand & Co
_c
1989
300
_a
196p
650
_a
Computer Science
942
_c
BK
999
_c
8368
_d
8368